Normal view
MARC view
- Temperley, Harold William Vazeille
Entry Personal Name
001 - CONTROL NUMBER
- control field: 50372
003 - CONTROL NUMBER IDENTIFIER
- control field: NUST
005 - DATE AND TIME OF LATEST TRANSACTION
- control field: 20210314134619.0
008 - FIXED-LENGTH DATA ELEMENTS
- fixed length control field: 210314|| aca||aabn | a|a d
040 ## - CATALOGING SOURCE
- Original cataloging agency: NUST
- Transcribing agency: NUST
100 ## - HEADING--PERSONAL NAME
- Personal name: Temperley, Harold William Vazeille
670 ## - SOURCE DATA FOUND
- Source citation: Work cat.: (NUST): Grant, A. J. 50371, Europe in the nineteenth century (1789-1914), 1927.
